| 000 | 00899cam a2200313Mu 4500 | ||
|---|---|---|---|
| 001 | 99798 | ||
| 005 | 20230410121208.0 | ||
| 008 | 090512s2009 it 000 0 ita d | ||
| 035 | _a(OCoLC)ocn635869829 | ||
| 040 |
_aSzZUIDS _bger _cCHVBK |
||
| 020 | _a9788815124098 | ||
| 020 | _a8815124098 | ||
| 029 | 0 |
_aCHVBK _b104159464 |
|
| 035 | _a(OCoLC)635869829 | ||
| 050 | 1 | 4 |
_aJZ 4839 _bC129o 2009 |
| 100 | 1 | _aCaffarena, Anna. | |
| 245 | 1 | 3 |
_aLe organizzazioni internazionali / _cAnna Caffarena. |
| 250 | _aNuova ed. aggiornata. | ||
| 260 |
_aBologna : _bil Mulino, _c2009. |
||
| 300 |
_a196 p ; _c21 cm. |
||
| 490 | 0 |
_aUniversale paperbacks il Mulino ; _v390 |
|
| 504 | _aBibliogr.: p. 185-196. | ||
| 650 | 0 | _aInternational agencies. | |
| 650 | 0 | _aInternational Organizations. | |
| 650 | 4 | _aOrganizaciones Internacionales. | |
| 942 |
_2lcc _cbk |
||
| 946 | _aINF | ||
| 994 |
_aC0 _bDRFGD |
||
| 999 |
_c59854 _d59854 |
||